Services marketing : (Record no. 10848)
[ view plain ]
| 000 -LEADER | |
|---|---|
| fixed length control field | 00768cam a22002412 4500 |
| 001 - CONTROL NUMBER | |
| control field | 0000005823 |
| 005 - DATE AND TIME OF LATEST TRANSACTION | |
| control field | 20151217154355.0 |
| 008 - FIXED-LENGTH DATA ELEMENTS--GENERAL INFORMATION | |
| fixed length control field | 070717s xx 000 0 eng d |
| 020 ## - INTERNATIONAL STANDARD BOOK NUMBER | |
| International Standard Book Number | 0131875523 : |
| Terms of availability | KES 1,850 |
| 040 ## - CATALOGING SOURCE | |
| Original cataloging agency | KABU |
| Transcribing agency | KABU |
| 050 #0 - LIBRARY OF CONGRESS CALL NUMBER | |
| Classification number | HF5415.13 |
| Item number | .L68 2007 |
| 100 1# - MAIN ENTRY--PERSONAL NAME | |
| Personal name | Lovelock, Christopher. |
| -- | 0000157047 |
| 245 10 - TITLE STATEMENT | |
| Title | Services marketing : |
| Remainder of title | people, technology, strategy / |
| Statement of responsibility, etc. | Christopher Lovelock and Jochen Wirtz. |
| 250 ## - EDITION STATEMENT | |
| Edition statement | 6th ed. |
| 260 ## - PUBLICATION, DISTRIBUTION, ETC. (IMPRINT) | |
| Place of publication, distribution, etc. | New Jersey : |
| Name of publisher, distributor, etc. | Pearson, |
| Date of publication, distribution, etc. | 2007. |
| 300 ## - PHYSICAL DESCRIPTION | |
| Extent | xx, 648 p. |
| 650 #0 - SUBJECT ADDED ENTRY--TOPICAL TERM | |
| Topical term or geographic name as entry element | Marketing management. |
| -- | 0000151468 |
| 650 #0 - SUBJECT ADDED ENTRY--TOPICAL TERM | |
| Topical term or geographic name as entry element | Service industries. |
| -- | 0000157048 |
| 700 1# - ADDED ENTRY--PERSONAL NAME | |
| Personal name | Wirtz, Jochen. |
| -- | 0000157049 |
| 908 ## - PUT COMMAND PARAMETER (RLIN) | |
| Put command parameter | 070717 |
| 950 ## - LOCAL HOLDINGS (RLIN) | |
| -- | 1 |
| Withdrawn status | Lost status | Source of classification or shelving scheme | Not for loan | Home library | Current library | Date acquired | Total Checkouts | Total Renewals | Full call number | Barcode | Date last seen | Date last checked out | Price effective from | Koha item type |
|---|---|---|---|---|---|---|---|---|---|---|---|---|---|---|
| Library of Congress Classification | Kabarak, Main Campus | Kabarak, Main Campus | 17/12/2015 | 1 | 1 | HF5415.13 .L68 2007 | 002403 | 10/10/2017 | 03/08/2017 | 17/12/2015 | General Collection |